| 000 | 00522nam a2200145 i 4500 | ||
|---|---|---|---|
| 001 | 183794 | ||
| 003 | ES-MaACL | ||
| 005 | 20230906221954.0 | ||
| 008 | 141015s1889 sp |||| | spa d | ||
| 110 | 0 |
_aUniversidad Literaria de Salamanca. _97390 |
|
| 245 | 1 | 0 | _aMemoria sobre el estado de la instrucción en esta Universidad... de 1888 a 1889... Anuario para el de 1889 a 1890. |
| 260 |
_aSalamanca : _b[s.n.], _c1889. |
||
| 610 | 2 | 4 |
_aUniversidad Literaria de Salamanca- _vMemorias. _9155720 |
| 852 |
_aES-MaACL _jT-497-F-4 |
||
| 999 |
_c183794 _d183794 |
||